| 000 | 01237nam a2200301Ia 4500 | ||
|---|---|---|---|
| 008 | 130821s2000 enk gr fre | ||
| 020 | _a9041116079 | ||
| 040 |
_aCo-BoUCM _bspa |
||
| 041 | 0 | 0 | _afre |
| 100 | 1 |
_aBoutros-Ghali, Boutros _d1922- |
|
| 245 | 1 | 3 |
_aLe droit international á la recherche de ses valerus _bapix, développement démocratisation _cBoutros Boutros-Ghali |
| 260 |
_aCambridge (Inglaterra) _bMartinus Nijhoff Publisher _c2000 |
||
| 300 | _a385 páginas | ||
| 490 | 0 |
_aRecueil des Cours. _v286 _aCollected Courses of the Hague Academy of International Law |
|
| 504 | _aIncluye bibliografía. | ||
| 650 | 0 | 4 |
_aDerecho internacional privado _97497 |
| 650 | 0 | 4 |
_aDerecho internacional público _97498 |
| 650 | 0 | 4 |
_aDerecho internacional _912776 |
| 650 | 0 | 4 |
_aDerecho marítimo _912792 |
| 650 | 0 | 4 |
_aMercado de capitales _xLegislación _919335 |
| 700 | 1 | 2 | _aKroke, H. |
| 700 | 1 | 2 | _aScovazzi, T. |
| 710 | 2 | _aAcadémie de Droit International Law | |
| 740 | 0 | 2 | _aCapital markets and conflict of laws / H. Kronke |
| 740 | 4 | 2 |
_aThe evolution of international law of the sea _bnew issues, new Challenges / T. Scovazzi. |
| 942 |
_a8 _e1 _kR _mR311 _cLIBROREF _2DEWEY _h341.02 |
||
| 999 |
_c45557 _d45557 |
||